[Event "GER CM04-A email"]
[Site "GER email"]
[Date "2017.06.26"]
[Round "?"]
[White "Bars, Joachim"]
[Black "Nizky, Roman Yakovlevich"]
[Result "1-0"]
[WhiteElo "2386"]
[BlackElo "2427"]
[PlyCount "103"]
[EventDate "2017.??.??"]
[EventType "tourn (corr)"]
[EventRounds "10"]
[EventCountry "GER"]
[SourceTitle "Corr 2020"]
[Source "ChessBase"]
[SourceDate "2019.09.30"]
[SourceVersion "1"]
[SourceVersionDate "2019.09.30"]
[SourceQuality "1"]

1. d4 Nf6 2. c4 g6 3. Nc3 Bg7 4. e4 d6 5. Be2 0-0 6. Nf3 e5 7. 0-0 Nc6 8. d5 Ne7 9. Ne1 a5 10. Be3 Nd7 11. Nd3 f5 12. f3 b6 13. a3 Nc5 14. Rb1 Nxd3 15. Bxd3 Kh8 16. b4 Ng8 17. c5 Bh6 18. Bxh6 Nxh6 19. cxb6 cxb6 20. Qd2 Kg7 21. a4 fxe4 22. Nxe4 Nf5 23. f4 Nd4 24. fxe5 Rxf1+ 25. Rxf1 dxe5 26. Ng3 axb4 27. Qe3 Qe7 28. h4 Bb7 29. d6 Qxd6 30. Qg5 Bf3 31. gxf3 Rf8 32. f4 Ne6 33. Qxe5+ Qxe5 34. fxe5 Nc5 35. Bb5 Rxf1+ 36. Kxf1 b3 37. Ne2 h6 38. Nc3 g5 39. Bc4 Kg6 40. h5+ Kf5 41. e6 Kf6 42. Ke2 g4 43. Kf1 b2 44. Ba2 Nxe6 45. Nd5+ Kg5 46. Nxb6 Nc7 47. Nc4 Kxh5 48. Nxb2 Kg5 49. Bc4 Kf6 50. a5 Ke7 51. Na4 h5 52. a6 1-0

[Event "GER CM04-A email"]
[Site "GER email"]
[Date "2017.06.26"]
[Round "?"]
[White "Bissmann, Stefan"]
[Black "Nizky, Roman Yakovlevich"]
[Result "1/2-1/2"]
[WhiteElo "2394"]
[BlackElo "2427"]
[PlyCount "45"]
[EventDate "2017.??.??"]
[EventType "tourn (corr)"]
[EventRounds "10"]
[EventCountry "GER"]
[SourceTitle "Corr 2020"]
[Source "ChessBase"]
[SourceDate "2019.09.30"]
[SourceVersion "1"]
[SourceVersionDate "2019.09.30"]
[SourceQuality "1"]

1. e4 c5 2. Nf3 d6 3. Nc3 Nf6 4. e5 dxe5 5. Nxe5 a6 6. Be2 e6 7. Bf3 Qc7 8. Nc4 Bd7 9. d3 Bc6 10. a4 b6 11. 0-0 Be7 12. Re1 0-0 13. Qe2 Bxf3 14. Qxf3 Nc6 15. Bf4 Qb7 16. Ne5 Rac8 17. Rad1 Bd6 18. d4 cxd4 19. Rxd4 Bxe5 20. Bxe5 Qe7 21. Bxf6 Qxf6 22. Qxf6 gxf6 23. Rg4+ 1/2-1/2

[Event "GER CM04-A email"]
[Site "GER email"]
[Date "2017.06.26"]
[Round "?"]
[White "Gonzaga Grego, Luis Jose"]
[Black "Nizky, Roman Yakovlevich"]
[Result "1/2-1/2"]
[WhiteElo "2405"]
[BlackElo "2427"]
[PlyCount "55"]
[EventDate "2017.??.??"]
[EventType "tourn (corr)"]
[EventRounds "10"]
[EventCountry "GER"]
[SourceTitle "Corr 2020"]
[Source "ChessBase"]
[SourceDate "2019.09.30"]
[SourceVersion "1"]
[SourceVersionDate "2019.09.30"]
[SourceQuality "1"]

1. d4 d5 2. c4 c6 3. Nc3 Nf6 4. Nf3 e6 5. Bg5 h6 6. Bh4 dxc4 7. e4 g5 8. Bg3 b5 9. Ne5 Nbd7 10. Nxc6 Qb6 11. d5 Bb7 12. a4 a6 13. Be2 Bxc6 14. dxc6 Qxc6 15. e5 Nd5 16. Nxd5 Qxd5 17. Qxd5 exd5 18. axb5 Bb4+ 19. Kd1 Nc5 20. Kc2 Nb3 21. bxa6 Nd4+ 22. Kd1 Ke7 23. h4 Rhb8 24. hxg5 hxg5 25. Rh6 c3 26. bxc3 Bxc3 27. Rc1 Ba5 28. Ra1 1/2-1/2

[Event "GER CM04-A email"]
[Site "GER email"]
[Date "2017.06.26"]
[Round "?"]
[White "Zeihser, Michael"]
[Black "Nizky, Roman Yakovlevich"]
[Result "0-1"]
[WhiteElo "2392"]
[BlackElo "2427"]
[PlyCount "68"]
[EventDate "2017.??.??"]
[EventType "tourn (corr)"]
[EventRounds "10"]
[EventCountry "GER"]
[SourceTitle "Corr 2020"]
[Source "ChessBase"]
[SourceDate "2019.09.30"]
[SourceVersion "1"]
[SourceVersionDate "2019.09.30"]
[SourceQuality "1"]

1. d4 Nf6 2. c4 e6 3. Nf3 b6 4. g3 Ba6 5. b3 Bb4+ 6. Bd2 Be7 7. Bg2 c6 8. Bc3 d5 9. Ne5 Nfd7 10. Nxd7 Nxd7 11. Nd2 0-0 12. 0-0 f5 13. a4 Nf6 14. Qc2 Qc7 15. Rfc1 Ne4 16. e3 Rad8 17. Bb2 Bb4 18. Nxe4 fxe4 19. Bf1 Qf7 20. Ba3 Bxa3 21. Rxa3 h5 22. Ra2 h4 23. b4 c5 24. bxc5 bxc5 25. dxc5 Rc8 26. cxd5 Bxf1 27. Rxf1 hxg3 28. hxg3 exd5 29. Rb2 Rc6 30. Qe2 Qf5 31. Rc1 Rh6 32. Qf1 Kf7 33. Rb7+ Kg6 34. Qa6+ Kh7 0-1